[Event "ECC"]
[Site "Rethymnon GRE"]
[Date "2003.10.03"]
[Round "6"]
[White "Walsh,C"]
[Black "Spice,A"]
[Result "1/2-1/2"]
[WhiteElo "2170"]
[BlackElo "2181"]
[EventDate "2003.09.28"]

1. e4 e6 2. d3 b5 3. g3 Bb7 4. Bg2 c5 5. Nf3 Nc6 6. O-O d6 7. Re1 Nf6 8. c3
Qb6 9. d4 cxd4 10. cxd4 d5 11. e5 Ne4 12. Be3 Be7 13. h4 b4 14. Nbd2 Nxd2
15. Nxd2 a5 16. Qg4 g6 17. h5 a4 18. Nf3 O-O-O 19. h6 Kb8 20. Rad1 Rc8 21.
Bg5 Rc7 22. Qf4 Rhc8 23. Bxe7 Nxe7 24. Rc1 Ng8 25. Bf1 Ba6 26. Bxa6 Qxa6
27. Rxc7 Rxc7 28. Ng5 Nxh6 29. Nxe6 fxe6 30. Qxh6 Qc4 31. Qf8+ Kb7 32. Qe8
Rc6 33. Qd7+ Kb6 34. Qd8+ 1/2-1/2

[Event "ECC"]
[Site "Rethymnon GRE"]
[Date "2003.10.03"]
[Round "6"]
[White "Trevelyan,J"]
[Black "Cast,A"]
[Result "1/2-1/2"]
[WhiteElo "2150"]
[BlackElo "2104"]
[EventDate "2003.09.28"]

1. d4 d5 2. Nf3 Nf6 3. c4 c6 4. Nc3 e6 5. Bg5 Be7 6. e3 Nbd7 7. Qc2 h6 8.
Bxf6 Nxf6 9. cxd5 exd5 10. Ne5 Ng4 11. Nxg4 Bxg4 12. h3 Be6 13. Bd3 Qb6 14.
O-O O-O 15. f4 Bf6 16. Na4 Qc7 17. b4 Qe7 18. Qd2 Bd7 19. Nc5 b6 20. Nb3
Rfe8 21. Rf3 Rac8 22. Rc1 Qd6 23. Bc2 Rc7 24. g4 Bc8 25. Bd3 Bd7 26. Kg2
Bh4 27. Rcf1 Bc8 28. a3 1/2-1/2

[Event "ECC"]
[Site "Rethymnon GRE"]
[Date "2003.10.03"]
[Round "6"]
[White "Davies,Pe"]
[Black "Sinnett,G"]
[Result "1/2-1/2"]
[WhiteElo "2042"]
[BlackElo "2010"]
[EventDate "2003.09.28"]

1. c4 Nf6 2. Nc3 e5 3. g3 d6 4. Bg2 Nc6 5. d3 h6 6. Nd5 Be7 7. e3 O-O 8.
Ne2 Bf5 9. e4 Be6 10. O-O Qd7 11. f4 exf4 12. Bxf4 Bxd5 13. cxd5 Ne5 14.
Rc1 Ng6 15. d4 Nh7 16. Qd3 Nxf4 17. Nxf4 Bg5 18. e5 Bxf4 19. gxf4 dxe5 20.
dxe5 c6 21. Be4 g6 22. d6 Rfe8 23. Bg2 Qe6 24. b3 Qg4 25. Kh1 Nf8 26. Bh3
Qh4 27. Rce1 Ne6 28. Bxe6 Rxe6 29. f5 gxf5 30. Qxf5 Rf8 31. Re4 Qd8 32.
Rg4+ Kh8 33. Qh5 Qa5 1/2-1/2

[Event "ECC"]
[Site "Rethymnon GRE"]
[Date "2003.10.04"]
[Round "7"]
[White "Azarov,S"]
[Black "Dolmatov,S"]
[Result "1/2-1/2"]
[WhiteElo "2530"]
[BlackElo "2605"]
[EventDate "2003.09.28"]

1. e4 e6 2. d4 d5 3. Nd2 c5 4. exd5 exd5 5. Ngf3 Nf6 6. Bb5+ Bd7 7. Bxd7+
Nbxd7 8. O-O Be7 9. dxc5 Nxc5 10. Nd4 Qd7 11. Qf3 O-O 12. Nf5 Bd8 13. Nb3
Nce4 14. Be3 Rc8 15. c3 Re8 16. Bd4 a5 17. Rfd1 a4 18. Nd2 Ng5 19. Qd3 Nh5
20. Be3 Ne6 21. Nf1 1/2-1/2

[Event "ECC"]
[Site "Rethymnon GRE"]
[Date "2003.10.04"]
[Round "7"]
[White "Kasimdzhanov,R"]
[Black "Mchedlishvili,M"]
[Result "1/2-1/2"]
[WhiteElo "2664"]
[BlackElo "2566"]
[EventDate "2003.09.28"]

1. e4 c6 2. d4 d5 3. Nc3 dxe4 4. Nxe4 Bf5 5. Ng3 Bg6 6. h4 Nd7 7. Nf3 h6 8.
h5 Bh7 9. Bd3 Bxd3 10. Qxd3 e6 11. Bf4 Ngf6 12. O-O-O Be7 13. Kb1 O-O 14.
Ne4 Qa5 15. g4 Nxg4 16. Ne5 Ndxe5 17. dxe5 Rad8 18. Qh3 Qb4 19. Rdg1 Qxe4
20. Rxg4 Qh7 21. Rhg1 Kh8 22. Qg3 Rg8 23. Be3 a6 24. a3 Rd7 25. Qg2 Rd5 26.
Qg3 Rd7 27. Qg2 Rd5 28. Qg3 1/2-1/2

[Event "ECC"]
[Site "Rethymnon GRE"]
[Date "2003.10.04"]
[Round "7"]
[White "Izoria,Z"]
[Black "Georgiev,Ki"]
[Result "1/2-1/2"]
[WhiteElo "2541"]
[BlackElo "2637"]
[EventDate "2003.09.28"]

1. d4 Nf6 2. c4 e6 3. Nc3 Bb4 4. Qc2 c5 5. dxc5 O-O 6. a3 Bxc5 7. Nf3 b6 8.
Bg5 Bb7 9. Rd1 h6 10. Bh4 Be7 11. e3 Nc6 12. Be2 Rc8 13. O-O Nh5 14. Bxe7
Qxe7 15. Qa4 Nf6 16. Nb5 d5 17. Nxa7 Nxa7 18. Qxa7 Qc7 19. Qa4 dxc4 20. Rc1
Bd5 21. Qb4 Rfd8 22. Rfd1 Bxf3 1/2-1/2

[Event "ECC"]
[Site "Rethymnon GRE"]
[Date "2003.10.04"]
[Round "7"]
[White "Knaak,R"]
[Black "Belozerov,A"]
[Result "1/2-1/2"]
[WhiteElo "2480"]
[BlackElo "2541"]
[EventDate "2003.09.28"]

1. d4 e6 2. e4 c5 3. c3 d5 4. e5 Qb6 5. Nf3 Bd7 6. Be2 Nc6 7. O-O Rc8 8.
dxc5 Bxc5 9. Bd3 f6 10. b4 Be7 11. Bf4 fxe5 12. Nxe5 Nxe5 13. Bxe5 Nf6 14.
Nd2 O-O 15. Nf3 Ng4 16. Bd4 Qc7 17. Re1 Rxf3 18. Qxf3 Qxh2+ 19. Kf1 Qh5 20.
Kg1 Qh2+ 21. Kf1 Qh5 22. Kg1 Qh2+ 1/2-1/2

[Event "ECC"]
[Site "Rethymnon GRE"]
[Date "2003.10.04"]
[Round "7"]
[White "Filippov,Va"]
[Black "Joachim,S"]
[Result "1/2-1/2"]
[WhiteElo "2630"]
[BlackElo "2438"]
[EventDate "2003.09.28"]

1. c4 Nf6 2. Nc3 e5 3. Nf3 Nc6 4. e3 Be7 5. d4 exd4 6. Nxd4 O-O 7. Be2 d5
8. Nxc6 bxc6 9. O-O Bd6 10. b3 Re8 11. Qc2 Qe7 12. Bb2 dxc4 13. bxc4 Rb8
14. Rab1 Ng4 15. g3 Nxh2 16. Kxh2 Qh4+ 17. Kg1 Bxg3 18. fxg3 Qxg3+ 19. Kh1
Qh3+ 20. Kg1 Qg3+ 21. Kh1 Qh3+ 1/2-1/2

[Event "ECC"]
[Site "Rethymnon GRE"]
[Date "2003.10.04"]
[Round "7"]
[White "Finkel,A"]
[Black "Smirnov,P"]
[Result "0-1"]
[WhiteElo "2458"]
[BlackElo "2629"]
[EventDate "2003.09.28"]

1. e4 c5 2. Nf3 Nc6 3. c3 Nf6 4. e5 Nd5 5. Bc4 Nb6 6. Bb3 c4 7. Bc2 Qc7 8.
Qe2 g5 9. h3 Bg7 10. b3 Nxe5 11. Nxg5 d5 12. bxc4 dxc4 13. O-O h6 14. Ne4
Be6 15. Na3 Qc6 16. Rb1 a6 17. f4 Ned7 18. d4 cxd3 19. Bxd3 Na4 20. f5 Bd5
21. c4 Bxe4 22. Qxe4 Qc5+ 23. Kh1 Nc3 24. Qg4 Bd4 25. Nc2 Nxb1 26. Nxd4 Ne5
27. Qe4 Nc3 28. Qxb7 O-O 29. Nb3 Qd6 30. Bc2 Rfb8 31. c5 Qd8 32. Qxa8 Rxa8
33. Bb2 Ne2 34. Bxe5 Qd5 35. Bh2 Qc4 0-1

[Event "ECC"]
[Site "Rethymnon GRE"]
[Date "2003.10.04"]
[Round "7"]
[White "Horvath,Ad"]
[Black "Schulz,KJ"]
[Result "1-0"]
[WhiteElo "2503"]
[BlackElo "2380"]
[EventDate "2003.09.28"]

1. e4 c5 2. Nf3 d6 3. d4 cxd4 4. Nxd4 Nf6 5. Nc3 a6 6. Be3 e6 7. f3 Be7 8.
Qd2 O-O 9. g4 Nc6 10. O-O-O Nxd4 11. Qxd4 b5 12. g5 Nd7 13. h4 Qa5 14. Kb1
b4 15. Ne2 Nc5 16. Bd2 Rb8 17. a3 e5 18. axb4 Qc7 19. Qc3 Be6 20. Nc1 Qb7
21. bxc5 Rfc8 22. Nb3 d5 23. Qxe5 d4 24. Qxd4 Bxb3 25. cxb3 Rxc5 26. Bc3
Bf8 27. Bc4 a5 28. Qd7 Rc7 29. Qd5 1-0

[Event "ECC"]
[Site "Rethymnon GRE"]
[Date "2003.10.04"]
[Round "7"]
[White "Sonntag,HH"]
[Black "Horvath,Cs1"]
[Result "1/2-1/2"]
[WhiteElo "2380"]
[BlackElo "2513"]
[EventDate "2003.09.28"]

1. d4 g6 2. c4 f5 3. e4 fxe4 4. Nc3 Nf6 5. f3 exf3 6. Nxf3 Bg7 7. Bd3 d6 8.
h3 O-O 9. O-O e5 10. Bg5 Nc6 11. Bc2 Qe8 12. Re1 Nh5 13. c5 Rxf3 14. Qxf3
Nxd4 15. Qd1 Be6 16. cxd6 cxd6 17. Be4 Qf7 18. Rf1 Nf4 19. Bxf4 exf4 20.
Qd2 Be5 21. Rad1 d5 22. Bf3 Nf5 23. Rfe1 Bd4+ 24. Kh2 Be3 25. Qxd5 1/2-1/2

[Event "ECC"]
[Site "Rethymnon GRE"]
[Date "2003.10.04"]
[Round "7"]
[White "Groszpeter,A"]
[Black "Huizer,M"]
[Result "0-1"]
[WhiteElo "2502"]
[BlackElo "2188"]
[EventDate "2003.09.28"]

1. e4 c5 2. Nf3 d6 3. d4 cxd4 4. Nxd4 Nf6 5. Nc3 a6 6. Bg5 e6 7. f4 Bd7 8.
Qf3 Nc6 9. O-O-O Qa5 10. Nb3 Qc7 11. Bxf6 gxf6 12. Qh5 Bg7 13. Be2 Rc8 14.
Kb1 Ne7 15. Rd3 b5 16. Rhd1 b4 17. Rxd6 Bc6 18. Bxa6 bxc3 19. Bxc8 Qxc8 20.
Rd8+ Qxd8 21. Rxd8+ Kxd8 22. Qxf7 Rg8 23. Nc5 Bd7 0-1

[Event "ECC"]
[Site "Rethymnon GRE"]
[Date "2003.10.04"]
[Round "7"]
[White "Acs,P"]
[Black "Winants,L"]
[Result "1-0"]
[WhiteElo "2606"]
[BlackElo "2501"]
[EventDate "2003.09.28"]

1. e4 e5 2. Nf3 Nc6 3. Bb5 Nf6 4. O-O Bc5 5. Nc3 O-O 6. Nxe5 Nxe5 7. d4 Bd6
8. f4 Neg4 9. e5 Bb4 10. Be2 d5 11. f5 Bxc3 12. bxc3 Nxe5 13. dxe5 Ne4 14.
Bb2 Qg5 15. Qc1 Qxc1 16. Raxc1 b5 17. Rcd1 c6 18. Bd3 c5 19. Bxe4 dxe4 20.
Ba3 e3 21. Rde1 e2 22. Rf4 b4 23. cxb4 Ba6 24. b5 Bxb5 25. c4 Ba6 26. Rxe2
Rfd8 27. e6 f6 28. Bxc5 Rdc8 29. Be3 Bxc4 30. Rb2 h5 31. Rd4 Rc7 32. Bf4
Rc6 33. Rb7 Ba6 34. Re7 Rc4 35. Rdd7 1-0

[Event "ECC"]
[Site "Rethymnon GRE"]
[Date "2003.10.04"]
[Round "7"]
[White "Cekro,E"]
[Black "Cyborowski,L"]
[Result "1/2-1/2"]
[WhiteElo "2441"]
[BlackElo "2550"]
[EventDate "2003.09.28"]

1. c4 Nf6 2. g3 c6 3. b3 d5 4. Bb2 Bg4 5. Bg2 Nbd7 6. Nf3 Bxf3 7. Bxf3 e6
8. O-O Bd6 9. d4 O-O 10. Nc3 Re8 11. e4 dxe4 12. Nxe4 Nxe4 13. Bxe4 Nf6 14.
Bg2 Qc7 15. Qc2 Red8 16. Rfe1 Be7 17. Rad1 Rd7 18. Qe2 Rad8 19. d5 cxd5 20.
Bxf6 Bxf6 21. cxd5 Re7 22. dxe6 1/2-1/2

[Event "ECC"]
[Site "Rethymnon GRE"]
[Date "2003.10.04"]
[Round "7"]
[White "Miton,K"]
[Black "Gulbas,C"]
[Result "1-0"]
[WhiteElo "2546"]
[BlackElo "2340"]
[EventDate "2003.09.28"]

1. d4 Nf6 2. c4 e6 3. g3 d5 4. Bg2 Bb4+ 5. Bd2 a5 6. Nf3 O-O 7. O-O Nc6 8.
a3 Bxd2 9. Nbxd2 a4 10. e3 Qe7 11. Qc2 Bd7 12. Rfe1 Rfd8 13. Rac1 Be8 14.
Qc3 Na5 15. cxd5 Nxd5 16. Qc2 Ra6 17. Ne5 Nc6 18. Bf1 Rb6 19. Nd3 Ra6 20.
Nf3 Nf6 21. Nc5 Ra7 22. Ne4 Nxe4 23. Qxe4 Na5 24. Bd3 g6 25. Qf4 Nc6 26.
Rc5 f6 27. Rec1 Kg7 28. Bb1 Rd7 29. h4 Ra5 30. Rxa5 Nxa5 31. Bc2 b5 32. Bd3
Nb3 33. Rc3 Rd6 34. h5 gxh5 35. Qe4 Kf8 36. Qa8 Rd8 37. Qa6 c6 38. Bc2 Qd6
1-0

[Event "ECC"]
[Site "Rethymnon GRE"]
[Date "2003.10.04"]
[Round "7"]
[White "Hautot,S"]
[Black "Grabarczyk,M"]
[Result "1/2-1/2"]
[WhiteElo "2317"]
[BlackElo "2508"]
[EventDate "2003.09.28"]

1. c4 c5 2. Nc3 g6 3. g3 Bg7 4. Bg2 Nc6 5. d3 e6 6. e4 Nge7 7. Nge2 O-O 8.
Be3 Nd4 9. O-O d6 10. Rb1 Nec6 11. a3 a5 12. a4 Bd7 13. Nb5 Qe7 14. f4
Nxe2+ 15. Qxe2 Nd4 16. Qd1 Bxb5 17. axb5 Ra7 18. Kh1 a4 19. Bxd4 Bxd4 20.
Ra1 Rfa8 21. Ra2 a3 22. Rxa3 Rxa3 23. bxa3 Rxa3 24. f5 b6 25. Bh3 exf5 26.
exf5 Qe3 27. Qf3 Qxf3+ 28. Rxf3 Ra2 29. fxg6 hxg6 30. Bg2 Kg7 31. h4 Rd2
32. Kh2 Be5 33. Kg1 f6 34. g4 Kh6 35. Kf1 Bd4 36. Rg3 g5 37. h5 f5 38. gxf5
Be5 39. Rf3 Bf6 40. Re3 Kxh5 41. Re6 Bd4 1/2-1/2

[Event "ECC"]
[Site "Rethymnon GRE"]
[Date "2003.10.04"]
[Round "7"]
[White "Heberla,B"]
[Black "Goossens,E"]
[Result "1-0"]
[WhiteElo "2420"]
[BlackElo "2234"]
[EventDate "2003.09.28"]

1. e4 c5 2. Nf3 Nc6 3. d4 cxd4 4. Nxd4 Nf6 5. Nc3 e5 6. Ndb5 d6 7. a4 a6 8.
Na3 Bg4 9. Be2 Bxe2 10. Qxe2 d5 11. Bg5 d4 12. Nd5 Qa5+ 13. Bd2 Qd8 14.
Nxf6+ Qxf6 15. O-O Bc5 16. a5 O-O 17. Nc4 Qe6 18. Kh1 Rad8 19. Qd3 Rfe8 20.
b3 h6 21. f4 exf4 22. Rxf4 Bd6 23. Nxd6 Rxd6 24. Qg3 Ne5 25. Raf1 Rd7 26.
Rf5 Ng6 27. Rc5 Qd6 28. Qxd6 Rxd6 29. Rc7 f6 30. Rxb7 Rxe4 31. Rb6 Ree6 32.
Rxd6 Rxd6 33. Kg1 Rc6 34. Rc1 Kf7 35. c4 dxc3 36. Rxc3 Rxc3 37. Bxc3 Ke6
38. Kf2 Nf4 39. Kf3 Nd5 40. Bd4 h5 41. Ke4 g5 42. Bc5 Nc3+ 43. Kd3 Kd5 44.
Be7 Ne4 45. b4 h4 46. b5 h3 47. gxh3 Nf2+ 48. Ke2 Nxh3 49. bxa6 Kc6 50.
Bxf6 g4 51. Ke3 Kc7 52. Be5+ Kc8 53. Bg3 1-0

[Event "ECC"]
[Site "Rethymnon GRE"]
[Date "2003.10.04"]
[Round "7"]
[White "Nevanlinna,R"]
[Black "Stohl,I"]
[Result "0-1"]
[WhiteElo "2357"]
[BlackElo "2556"]
[EventDate "2003.09.28"]

1. e4 c5 2. Nf3 d6 3. d4 cxd4 4. Nxd4 Nf6 5. Nc3 e6 6. Bc4 a6 7. a3 Be7 8.
Be3 O-O 9. O-O b5 10. Ba2 Bb7 11. f3 Nbd7 12. Qe1 Re8 13. Rd1 Bf8 14. Qf2
Qc7 15. Kh1 Ne5 16. Bf4 Rac8 17. Bxe5 dxe5 18. Nde2 Red8 19. Rfe1 Nd7 20.
Qf1 Nb6 21. Rxd8 Rxd8 22. Rd1 Rc8 23. Rd2 Be7 24. Qd1 Bc6 25. Qe1 Be8 26.
g3 Nc4 27. Bxc4 Qxc4 28. h4 Qc6 29. Kg2 a5 30. Nd1 f5 31. Nf2 Bc5 32. Nc1
Bxf2 33. Rxf2 fxe4 34. Qxe4 Qxe4 35. fxe4 Bg6 36. Re2 Rxc2 37. Rxc2 Bxe4+
38. Kf2 Bxc2 39. b4 axb4 40. axb4 Kf7 41. Ne2 Bd3 42. Nc3 Kf6 43. Ke3 e4
44. Kf4 h6 45. Nd1 h5 46. Nc3 Ke7 47. Ke3 Kf6 48. Kf4 e5+ 49. Ke3 g5 50.
hxg5+ Kxg5 51. Kf2 e3+ 52. Kxe3 e4 53. Nd5 Kf5 54. Nf4 Kg4 55. Kd2 Kf3 56.
Nxh5 Bc4 57. Nf6 e3+ 58. Ke1 Kxg3 59. Ne4+ Kf4 60. Nf6 Ke5 0-1

[Event "ECC"]
[Site "Rethymnon GRE"]
[Date "2003.10.04"]
[Round "7"]
[White "Hamalainen,S"]
[Black "Kajan,M"]
[Result "1-0"]
[WhiteElo "2189"]
[BlackElo "2044"]
[EventDate "2003.09.28"]

1. e4 e6 2. d4 d5 3. Nc3 Nf6 4. Bg5 dxe4 5. Nxe4 Be7 6. Bxf6 Bxf6 7. Nf3
Nd7 8. Nxf6+ Nxf6 9. Ne5 Qd5 10. c4 Qa5+ 11. Qd2 Qxd2+ 12. Kxd2 Ke7 13. Be2
Rd8 14. Ke3 Nd7 15. Nd3 a5 16. Rhc1 b6 17. Bf3 Ra7 18. Bc6 Ba6 19. Bxd7
Rxd7 20. Ne5 c5 21. dxc5 bxc5 22. Nc6+ Kf6 23. Nxa7 Rxa7 24. b3 Rb7 25. Rd1
a4 26. Rd6 Ra7 27. Rb1 h5 28. Rc6 axb3 29. axb3 Bb7 30. Rc7 Be4 31. Rxa7
Bxb1 32. Rc7 Ba2 33. Rxc5 Bxb3 34. h4 g6 35. Rc7 e5 36. Ke4 Ke6 37. Rc6+
Kd7 38. Kd5 e4 39. Rb6 Ba4 40. Rb7+ Ke8 41. Kd6 f5 42. c5 f4 43. Re7+ Kd8
44. Ra7 1-0

[Event "ECC"]
[Site "Rethymnon GRE"]
[Date "2003.10.04"]
[Round "7"]
[White "Areshchenko,A"]
[Black "Souleidis,G"]
[Result "1-0"]
[WhiteElo "2542"]
[BlackElo "2382"]
[EventDate "2003.09.28"]

1. e4 c5 2. Nf3 Nc6 3. d4 cxd4 4. Nxd4 Nf6 5. Nc3 e5 6. Ndb5 d6 7. a4 a6 8.
Na3 Be6 9. Bc4 Rc8 10. O-O Nb4 11. b3 Be7 12. Bb2 O-O 13. Re1 Re8 14. Qe2
Qc7 15. Rad1 Bf8 16. Qd2 Rcd8 17. Nd5 Nbxd5 18. exd5 Bf5 19. a5 Bg6 20. b4
Ne4 21. Qc1 Be7 22. Qa1 Bg5 23. Bd3 Bd2 24. Rxe4 Bxe4 25. Rxd2 Bxd3 26.
Rxd3 f5 27. c4 e4 28. Rg3 Rd7 29. Bc1 Rf7 30. Bf4 Qd7 31. Nc2 h6 32. h4 Qe7
33. Nd4 Qxh4 34. Ne6 Ref8 35. Bxd6 Rd7 36. Be5 f4 37. Bxf4 Rxf4 38. Rxg7+
1-0

[Event "ECC"]
[Site "Rethymnon GRE"]
[Date "2003.10.04"]
[Round "7"]
[White "Stavrianakis,I"]
[Black "Kuzubov,Y"]
[Result "0-1"]
[WhiteElo "2035"]
[BlackElo "2400"]
[EventDate "2003.09.28"]

1. d4 Nf6 2. c4 e6 3. Nc3 Bb4 4. e3 Bxc3+ 5. bxc3 O-O 6. Nf3 d6 7. Qc2 c5
8. Be2 Nc6 9. O-O e5 10. Bb2 b6 11. Nd2 Ba6 12. Bf3 Rc8 13. Bxc6 Rxc6 14.
d5 Rc7 15. a4 Rb7 16. Qd3 Nd7 17. e4 g6 18. Qe2 f5 19. exf5 Rxf5 20. Ne4
Nf6 21. Nxf6+ Qxf6 22. Bc1 Qh4 23. f4 Re7 24. Re1 Rff7 25. g3 Qf6 26. Qf1
exf4 27. Bxf4 g5 28. Bd2 Qxf1+ 29. Rxf1 Rxf1+ 30. Rxf1 h6 31. h4 Bxc4 32.
Re1 Rxe1+ 33. Bxe1 Kf7 34. hxg5 hxg5 35. Bd2 Kg6 36. Kf2 a5 37. Ke3 Bxd5
38. Kd3 Bb3 39. Ke4 Kf6 40. Be1 Ke6 41. Bd2 Bc2+ 42. Kf3 Kf6 43. Ke3 Bxa4
44. Ke4 Bb3 45. Bc1 Bc4 46. Kf3 a4 47. Bb2 b5 48. Ba3 Bb3 49. Ke4 g4 50.
Kf4 Bd1 51. Ke4 Ke6 52. Ke3 Kd5 53. Kd3 Bf3 54. Bc1 b4 55. cxb4 cxb4 56.
Bd2 Kc5 57. Be3+ Kb5 58. Bd4 a3 59. Kc2 Kc4 0-1

[Event "ECC"]
[Site "Rethymnon GRE"]
[Date "2003.10.04"]
[Round "7"]
[White "Borriss,M"]
[Black "Palliser,R"]
[Result "0-1"]
[WhiteElo "2445"]
[BlackElo "2438"]
[EventDate "2003.09.28"]

1. e4 c5 2. Nf3 d6 3. d4 cxd4 4. Nxd4 Nf6 5. Nc3 a6 6. Be3 e5 7. Nb3 Be6 8.
f3 Nbd7 9. g4 b5 10. g5 b4 11. Nd5 Nxd5 12. exd5 Bf5 13. Bd3 Bxd3 14. Qxd3
Be7 15. h4 O-O 16. O-O-O a5 17. f4 a4 18. Nd2 exf4 19. Bxf4 Nc5 20. Qh3 Qa5
21. Kb1 Qa6 22. Rhe1 Rfe8 23. Re3 Bf8 24. h5 b3 25. cxb3 Rxe3 26. Qxe3 axb3
27. a3 Nd3 28. Nxb3 Nxb2 29. Kxb2 Qxa3+ 30. Kc3 Rb8 31. Qd4 Qxb3+ 32. Kd2
Rb4 33. Qe3 Qxd5+ 34. Ke2 Qg2+ 0-1

[Event "ECC"]
[Site "Rethymnon GRE"]
[Date "2003.10.04"]
[Round "7"]
[White "Ferguson,M"]
[Black "Poldauf,D"]
[Result "1/2-1/2"]
[WhiteElo "2377"]
[BlackElo "2404"]
[EventDate "2003.09.28"]

1. e4 e6 2. d4 d5 3. Nd2 Nf6 4. e5 Nfd7 5. c3 c5 6. Bd3 Nc6 7. Ne2 cxd4 8.
cxd4 f6 9. exf6 Nxf6 10. Nf3 Bd6 11. O-O Qc7 12. Bg5 O-O 13. Rc1 Bd7 14.
Bh4 Be8 15. Ng5 Bf7 16. Bg3 Bxg3 17. hxg3 e5 18. dxe5 Qxe5 19. Qd2 Ne4 20.
Bxe4 dxe4 21. Nxf7 Rxf7 22. Nc3 Rd8 23. Qe3 Re7 24. Rcd1 Rde8 25. Rd5 Qf6
26. a3 Qf7 27. Rfd1 a6 28. b4 b5 29. Qc5 e3 30. fxe3 Ne5 31. Rd8 Ng4 32. e4
Re5 33. Rxe8+ Rxe8 34. Qd5 Re6 35. Qd8+ Re8 36. Qd5 Re6 37. Qd8+ Re8 38.
Qd5 1/2-1/2

[Event "ECC"]
[Site "Rethymnon GRE"]
[Date "2003.10.04"]
[Round "7"]
[White "Thiede,L"]
[Black "Cox,JJ"]
[Result "1/2-1/2"]
[WhiteElo "2440"]
[BlackElo "2308"]
[EventDate "2003.09.28"]

1. g3 c5 2. c4 Nc6 3. Bg2 g6 4. Nc3 Bg7 5. a3 a6 6. Rb1 Rb8 7. b4 cxb4 8.
axb4 b5 9. cxb5 axb5 10. Nf3 e5 11. d4 exd4 12. Nd5 Nf6 13. Bg5 h6 14.
Nxf6+ Bxf6 15. Bf4 d6 16. Bxh6 Bf5 17. Rc1 Nxb4 18. Nxd4 Nd3+ 19. exd3 Bxd4
20. Bc6+ Bd7 21. Qe2+ Be5 22. d4 Bxc6 23. dxe5 dxe5 24. O-O Rxh6 25. Qxe5+
Kf8 26. Rfd1 Qe8 27. Qd6+ Kg8 28. Rxc6 Rh5 29. Rc7 Re5 30. Kg2 b4 31. Qf6
Rf5 32. Qh4 g5 1/2-1/2

[Event "ECC"]
[Site "Rethymnon GRE"]
[Date "2003.10.04"]
[Round "7"]
[White "Taylor,P"]
[Black "Wendt,J"]
[Result "1/2-1/2"]
[WhiteElo "2031"]
[BlackElo "2291"]
[EventDate "2003.09.28"]

1. c4 g6 2. g3 Bg7 3. Bg2 d6 4. Nc3 Nf6 5. d3 O-O 6. e4 c5 7. Nge2 Nc6 8.
O-O Bd7 9. h3 a6 10. Be3 Rb8 11. a4 Ne8 12. Rb1 Nc7 13. d4 cxd4 14. Nxd4
Nxd4 15. Bxd4 Bxd4 16. Qxd4 Qc8 17. Kh2 Ne6 18. Qd3 Nc5 19. Qc2 b5 20. cxb5
axb5 21. Nd5 Qd8 22. a5 b4 23. Ra1 Bc6 24. e5 Bxd5 25. Bxd5 Rc8 26. exd6
Qxd6 27. Bg2 Qf6 28. Qe2 e5 29. a6 e4 30. a7 Qb6 31. Bxe4 Nxe4 32. Qxe4 Ra8
33. Qe3 Qxe3 34. fxe3 Rfe8 35. Rf4 Re7 36. Rxb4 Raxa7 37. Rxa7 Rxa7 38. Rd4
Kg7 39. Kg2 Ra1 40. h4 Rb1 41. b4 h5 42. Kf3 1/2-1/2

[Event "ECC"]
[Site "Rethymnon GRE"]
[Date "2003.10.04"]
[Round "7"]
[White "Christensen,To"]
[Black "Brynell,S"]
[Result "1/2-1/2"]
[WhiteElo "2371"]
[BlackElo "2511"]
[EventDate "2003.09.28"]

1. c4 Nf6 2. Nc3 e5 3. Nf3 Nc6 4. e3 Bb4 5. Qc2 Bxc3 6. Qxc3 Qe7 7. a3 d5
8. d4 exd4 9. Nxd4 Nxd4 10. Qxd4 O-O 11. cxd5 Rd8 12. Bc4 Nxd5 13. Bxd5 Be6
14. Qb4 Qxb4+ 15. axb4 Bxd5 16. f3 Bb3 17. Kf2 a6 18. Ra3 Be6 19. Ke2 Bc4+
20. Kf2 Bb5 21. Rb3 Rd7 22. e4 Rad8 23. Be3 f6 24. g4 Kf7 25. h4 Rd1 26.
Rxd1 Rxd1 27. Rc3 c6 28. Rc1 Rd3 29. Rc3 Rd7 30. Rc2 Rd3 31. Rc3 Rd8 32.
Rc2 Rd3 1/2-1/2

[Event "ECC"]
[Site "Rethymnon GRE"]
[Date "2003.10.04"]
[Round "7"]
[White "Eriksson,Mag1"]
[Black "Ochsner,T"]
[Result "1/2-1/2"]
[WhiteElo "2322"]
[BlackElo "2362"]
[EventDate "2003.09.28"]

1. d4 Nf6 2. c4 e6 3. Nc3 Bb4 4. e3 O-O 5. Bd3 d5 6. Nge2 dxc4 7. Bxc4 e5
8. O-O exd4 9. exd4 Nbd7 10. a3 Be7 11. Re1 Nb6 12. Bb3 c6 13. Nf4 Re8 14.
d5 Nfxd5 15. Nfxd5 cxd5 16. Nxd5 Be6 17. Nxe7+ Rxe7 18. Qxd8+ Rxd8 19. Bg5
Kf8 20. Bxe6 Rxe6 21. Rxe6 fxe6 22. Kf1 Rc8 23. Rc1 Rxc1+ 24. Bxc1 Ke7 25.
Bf4 1/2-1/2

[Event "ECC"]
[Site "Rethymnon GRE"]
[Date "2003.10.04"]
[Round "7"]
[White "Pedersen,F"]
[Black "Schneider,S"]
[Result "1-0"]
[WhiteElo "2282"]
[BlackElo "2319"]
[EventDate "2003.09.28"]

1. d4 Nf6 2. Nf3 g6 3. e3 Bg7 4. Be2 d6 5. O-O O-O 6. b3 Nbd7 7. Bb2 e5 8.
dxe5 Ng4 9. c4 Ndxe5 10. Nc3 Nxf3+ 11. Bxf3 Qh4 12. Bxg4 Bxg4 13. Qd2 Be6
14. Nb5 Qe7 15. Bxg7 Kxg7 16. Qd4+ Kg8 17. Rfd1 f6 18. Qe4 c6 19. Nxd6 Rab8
20. Rd2 f5 21. Qf4 Qf6 22. Rad1 Rbd8 23. h4 Qg7 24. e4 Rd7 25. exf5 Bxf5
26. Qe3 a6 27. Kh2 Bg4 28. f3 Re7 29. Qd4 Bf5 30. c5 Qxd4 31. Rxd4 Kg7 32.
Kg3 Rf6 33. Rb4 Kh6 34. Nxb7 Re2 35. a4 Rf8 36. Rd8 Rf6 37. Rd6 Rf8 38.
Rxc6 Ra2 39. Rf4 Rb8 40. Rxf5 Rxb7 41. Rb6 Re7 42. Rg5 Ree2 43. Kh3 a5 44.
c6 Rec2 45. c7 Rxc7 46. Rxa5 Rcc2 47. Rg5 Rcb2 48. a5 Ra3 49. b4 Ra4 50.
Rg4 Rba2 51. Rb7 Rb2 52. Rb6 Raa2 53. a6 Rb1 54. b5 Rh1+ 55. Kg3 Rb1 56.
Rb7 Rbb2 57. Kh3 Ra5 58. a7 Rb1 59. b6 g5 60. hxg5+ Kg6 1-0

[Event "ECC"]
[Site "Rethymnon GRE"]
[Date "2003.10.04"]
[Round "7"]
[White "Teterev,V"]
[Black "Jeremic,V"]
[Result "1/2-1/2"]
[WhiteElo "2497"]
[BlackElo "2467"]
[EventDate "2003.09.28"]

1. e4 e6 2. d3 d5 3. Nd2 Nf6 4. Ngf3 b6 5. c3 Ba6 6. Be2 Be7 7. O-O O-O 8.
exd5 Nxd5 9. d4 c5 10. Ne4 Bxe2 11. Qxe2 Nd7 12. Rd1 Qc7 13. c4 N5f6 14.
Nc3 cxd4 15. Nxd4 a6 16. Bd2 Rac8 17. b3 Bc5 18. Be3 b5 19. Rac1 bxc4 20.
Na4 Ba7 21. Rxc4 Qb7 22. Rdc1 Ne5 23. Rxc8 Rxc8 24. Rxc8+ Qxc8 25. Nf5 exf5
26. Bxa7 Qc1+ 27. Qf1 Qc2 28. Bd4 Nd3 1/2-1/2

[Event "ECC"]
[Site "Rethymnon GRE"]
[Date "2003.10.04"]
[Round "7"]
[White "Scekic,M"]
[Black "Lukashok,A"]
[Result "0-1"]
[WhiteElo "2434"]
[BlackElo "2390"]
[EventDate "2003.09.28"]

1. d4 Nf6 2. c4 g6 3. Nc3 Bg7 4. e4 O-O 5. h3 d6 6. Be3 e5 7. d5 a5 8. g4
Na6 9. Nf3 Nc5 10. Qc2 Ne8 11. Rg1 Kh8 12. O-O-O f5 13. gxf5 gxf5 14. Ng5
h6 15. Nf3 fxe4 16. Nd2 Nd3+ 17. Bxd3 exd3 18. Qxd3 Bf5 19. Nce4 Qh4 20.
Qe2 Nf6 21. Ng3 Bh7 22. Nf3 Qxh3 23. Rh1 Qg4 24. Bxh6 Bxh6+ 25. Rxh6 Qf4+
26. Qe3 Qxc4+ 27. Kd2 Qc2+ 28. Ke1 Ng4 0-1

[Event "ECC"]
[Site "Rethymnon GRE"]
[Date "2003.10.04"]
[Round "7"]
[White "Paramonov,D"]
[Black "Benderac,S"]
[Result "1-0"]
[WhiteElo "2354"]
[BlackElo "2345"]
[EventDate "2003.09.28"]

1. e4 c5 2. Nf3 d6 3. d4 cxd4 4. Nxd4 Nf6 5. Nc3 a6 6. Be2 e5 7. Nb3 Be7 8.
O-O O-O 9. Kh1 Qc7 10. f4 b5 11. Bd3 Bb7 12. fxe5 dxe5 13. Qf3 Nbd7 14. a4
b4 15. Ne2 Ne8 16. Ng3 Nd6 17. Qe2 f6 18. Be3 Kh8 19. c3 bxc3 20. Rac1 Rfc8
21. Rxc3 Qd8 22. Rfc1 Rxc3 23. Rxc3 f5 24. Nxf5 Nxf5 25. exf5 e4 26. Bc4
Bb4 27. Rc1 Qh4 28. Bf2 Qg5 29. Be6 Ne5 30. Rc7 Bc6 31. Bg3 Bd6 32. Bxe5
Bxc7 33. Bxc7 Re8 34. Bb6 Bxa4 35. Be3 Qf6 36. Nd4 Ra8 37. Qc4 Be8 38. b3
Bb5 39. Qd5 Rd8 40. Qxe4 h6 41. h3 Be8 42. Kh2 a5 43. Nf3 Qe7 44. Bf4 Bh5
45. Nd4 Qh4 46. Qe3 Bd1 47. Nc6 Re8 48. Ne5 Qf6 49. Qe4 Bh5 1-0